| 000 | 00986nam a22003257a 4500 | ||
|---|---|---|---|
| 001 | 0000737 | ||
| 003 | KOHA_MİRAKIL | ||
| 005 | 20260207001218.0 | ||
| 007 | ta | ||
| 008 | 110823b2006 tu |||gr||||#||||0|tur | | ||
| 020 |
_a9756477792 _cYTL14,69 |
||
| 040 |
_aTR-BiSEU _btur _cTR-BiSEU _erda |
||
| 041 | 0 | _atur | |
| 044 | _ctu | ||
| 050 |
_aTK5103.2 _b.O93 2006 |
||
| 100 | 1 | _aÖzbilen, Alper. | |
| 245 | 1 |
_aKablosuz ağlar/ _cAlper Özbilen ; Alper Özbilen. |
|
| 264 | 1 |
_aİstanbul : _bPusula Yayınları _c2006 |
|
| 300 | _a140 sayfa | ||
| 336 |
_ametin _btxt _2rdacontent |
||
| 337 |
_aaracısız _bn _2rdamedia |
||
| 338 |
_acilt _bnc _2rdacarrier |
||
| 650 | 0 |
_aGeniş bandlı iletişim sistemleri. _93133 |
|
| 650 | 0 |
_aBilgisayar güvenliği. _93134 |
|
| 650 | 0 |
_aMobil iletişim sistemleri. _93135 |
|
| 650 | 0 |
_aYerel bölge ağları (Bilgisayar ağları). _93136 |
|
| 650 | 0 |
_aKablosuz iletişim sistemleri. _93137 |
|
| 650 | 0 |
_aİnternet. _92835 |
|
| 942 |
_2lcc _cBK |
||
| 999 |
_c735 _d735 |
||